01002nam a2200193 i 4500001000700000003000900007005001700016008004100033100003600074245022600110260007100336300002100407530003500428650002600463650002100489710003300510852017600543856008900719164017ES-MaACL20240203062551.0030122s1866 sp |||| | spa d1 aRoure, Gerónimo (d1824-1876)10aDiscurso leído ante el Claustro de la Universidad Central por el licenciado en medicina y cirugía D. Gerónimo Roure y Fernández, el día 17 de junio de 1866 en el solemne acto de recibir la investidura de doctor. aMadrid : b[s.n.], c1866 (fpor D. Alejandro Gómez Fuentenebro) a18 p. ; c24 cm. aDisponible en formato digital. 4aSalubridad pública. 4aSalud pública.2 aUniversidad Central (Madrid) aES-MaACLjT-625-F-7 z- Enc. hol., falto de cub. original z- Ded. de Gustavo Sáenz Díez a la Biblioteca de "Los escolares médicos"z- Enc. en un vol. facticio uhttp://bdh-rd.bne.es/viewer.vm?id=0000109005&page=1 zBiblioteca Digital Hispánica